Szczegóły MARC21

Jan Śniadecki : jego życie i działalność naukowa : z portretem Jana Śniadeckiego /

003 -Nazwa inst., której nr kontr. jest w polu 001 [,]
    • @
    • Nazwa instytucji, której n kontrolny jest w polu 001
    • NUKAT
005 -DATA I CZAS OSTATNIEJ MODYFIKACJI [,]
    • @
    • pole kontrolne
    • 20241231085238.0
040 -Instytucja sporządzająca opis [ , ]
    • a
    • Instytucja, która sporządziła opis (NP)
    • KR PAU/ICH
    • c
    • Instytucja, która sporządziła rekord (NP)
    • KR PAU/ICH
    • d
    • Instytucja, która zmodyfikowała rekord (P)
    • KR PAU/ICHs
    • d
    • Instytucja, która zmodyfikowała rekord (P)
    • KR PAU/MS
    • d
    • Instytucja, która zmodyfikowała rekord (P)
    • LUBL M/JK
    • d
    • Instytucja, która zmodyfikowała rekord (P)
    • LUBL KUL/ew
    • d
    • Instytucja, która zmodyfikowała rekord (P)
    • KAT U/DO
942 -Rodzaj dokumentu [ , ]
    • c
    • Rodzaj dokumentu
    • Książka
100 -Hasło główne - nazwa osobowa [1, ]
    • a
    • Nazwa osobowa (NP)
    • Świeżawski, Leon
    • d
    • Daty biograficzne (NP)
    • (1870-1936).
    • 9
    • KHW
    • 556314
245 -Strefa tytułu i oznaczenia odpowiedzialności [1,0]
    • a
    • Tytuł
    • Jan Śniadecki : Find
    • b
    • Ciąg dalszy tytułu (NP)
    • jego życie i działalność naukowa : z portretem Jana Śniadeckiego / Find
    • c
    • Pozostałe elementy strefy tytułu i oznaczenia odpowiedzialności (NP)
    • przez Leona Świeżawskiego.
260 -Strefa adresu wydawniczego [ , ]
    • a
    • Miejsce wydania (P)
    • Petersburg :
    • b
    • Nazwa wydawcy (P)
    • nakładem Kazimierza Grendyszyńskiego,
    • c
    • Data wydania (P)
    • 1898
    • e
    • Miejsce druku (NP)
    • (Kraków :
    • f
    • Nazwa drukarni (P)
    • Drukiem W. L. Anczyca i Spółki).
300 -Strefa opisu fizycznego [ , ]
    • a
    • Określenie formy książki i/lub objętość (NP)
    • 82, [2] s., [1] k. tabl. :
    • b
    • Oznaczenie ilustracji (NP)
    • il. ;
    • c
    • Format (NP)
    • 20 cm.
336 -Typ zawartości [ , ]
    • a
    • Termin opisujący typ zawartości
    • Tekst
    • b
    • Kod określający zawartość
    • txt
    • 2
    • Źródło (terminu i kodu)
    • rdacontent
337 -Typ mediów [ , ]
    • a
    • Tryb odtwarzania
    • Bez urządzenia pośredniczącego
    • b
    • Kod typu mediów
    • n
    • 2
    • Źródło (terminu i kodu)
    • rdamedia
338 -Typ/rodzaj nośnika [ , ]
    • a
    • Hasło opisujące typ nośnika
    • Wolumin
    • b
    • Kod typu nośnika
    • nc
    • 2
    • Źródło (terminu i kodu)
    • rdacarrier
490 -Strefa serii i książki wielotomowej - forma nie do wyszukiwania [1, ]
    • a
    • Tytuł (P)
    • Życiorysy Sławnych Polaków ; Find
    • v
    • Numeracja (P)
    • nr 6
830 -Hasło dodatkowe serii i opisu książki wielotomowej - tytuł ujednolicony/tytuł [ ,0]
    • a
    • Tytuł ujednolicony/tytuł (NP)
    • Życiorysy Sławnych Polaków
    • v
    • Oznaczenie tomu (NP)
    • no. 6
    • 9
    • KHW
    • 48772
510 -Uwaga dot. cytaty bibliograficznej [4, ]
    • a
    • Nazwa źródła
    • Estr. XIX w.,
    • c
    • Umiejscowienie w źródle
    • t. 4, s. 327
530 -Uwaga dot. innej postaci fizycznej dokumentu [ , ]
    • a
    • Uwaga dot. innej postaci fizycznej dokumentu
    • Dostępne również w formie elektronicznej.
080 -Uniwersalna Klasyfikacja Dziesiętna [ , ]
    • a
    • Symbol klasyfikacji
    • 001(438)(091)"178/182"
080 -Uniwersalna Klasyfikacja Dziesiętna [ , ]
    • a
    • Symbol klasyfikacji
    • :929Śniadecki J.
600 -Hasło przedmiotowe w formie nazwy osobowej [1,7]
    • a
    • Nazwa osobowa
    • Śniadecki, Jan
    • d
    • Daty związane z nazwą
    • (1756-1830)
    • v
    • Określnik formalny
    • biografie.
    • 2
    • Źródło terminu
    • kaba
    • 9
    • KHW
    • 396446
980 -Symbol UKD [ , ]
    • a
    • UKD
    • 001(438)(091)"178/182":929Śniadecki J.
710 -Hasło dodatkowe - nazwa ciała zbiorowego [2, ]
    • a
    • Nazwa ciała zbiorowego lub nazwa geograficzna jako pierwszy element (NP)
    • Polʹskij knižnyj magazin (Petersburg).
    • 4
    • Kod relacji
    • pbl
    • 9
    • KHW
    • 396919
856 -Dostęp do wersji elektronicznej [4,1]
Sygnatura Data inwentaryzacji Lokalizacja Status udost. Numer inwentarzowy
Z.450981997-01-01BG1Z.45098
 1997-09-24BG1Pd.10177